000 00711nam a2200205Ii 4500
003 JO-AjNU
008 230605s9999||||xx |||||||||||||| ||und||
040 _aJO-AjNU
_bara
_erda
_cJO-AjNU
041 _aara
050 1 4 _aBF175.R5.2001
100 3 _aالرفاعي، نعيم,
_eauthor
_945074
245 0 0 _aالصحة النفسية :دراسة في سيكولوجية التكيف
250 _aط8 مزيدة ومنقحة
264 3 1 _aدمشق:جامعة دمشق ،2001
300 _a560ص
_bقاموس المصطلحات من ص553-ص560
336 _atext
_btxt
_2rdacontent
337 _aunmediated
_bn
_2rdamedia
338 _avolume
_bnc
_2rdacarrier
650 4 _aالصحة النفسية
_945075
999 _aA19512
_c23080
_d23080